Cog's Difficult Quiz - Statistics

General Stats
  • This quiz has been taken 18 times
  • The average score is 6 of 7
Answer Stats
Question Answer % Correct
How many suns are there in the Solar System? 1
100%
How many quizzes is this? 1
100%
What isn't my favourite number? 1
100%
How many question marks are missing? 1
100%
Guess the random number between 1 and 100,000 1
88%
How many nominations does this deserve 2
71%
What is the total sum of the answers including this one?
24%
No matching quizzes found
Score Distribution
Percent of People with Each Score
Percentile by Number Answered
Your Score History
You have not taken this quiz